000 00760nam a22002057a 4500
999 _c7845
_d7845
003 AR-CdUCM
008 190321b ||||| |||| 00| 0 spa d
040 _aMUNICIPALIDAD PROVINCIAL DEL CUSCO
_cBIBLIOTECA MUNICIPAL DEL CUSCO
082 _a869.56 /
_bT33
100 _aTejada Manrique, Juan M
_92093
245 _aObras dramáticas /
260 _aLima :
_bImprenta del colegio particular "Nuestra Señora de la Merced",
_c1995.
300 _a297 páginas ;
_c20 cm.
505 _aContenido : El mártir de la libertad -- Pequeñas piezas teatrales -- Una redención -- El carpintero abogado -- Radio teaatro ...
650 _aTeatro peruano
_92697
650 _aRadioteatro peruano
_922188
650 _aSiglo XX
_98
942 _2ddc
_cLIBROS
945 _azta